000 00965nam a2200265Ia 4500
003 OSt
005 20220923211414.0
006 a|||||r|||| 00| 0
007 ta
008 220922b |||||||| |||| 00| 0 san d
020 _a9788190782883 (hbk)
_c350
024 _a262,625
037 _b233, 29/09/2011, Eastern Book Linkers
_cTextual
040 _aARTS
_cARTS
_bsan
041 _2san
_asan
082 _aQ112:42:g, 152P9
100 _aशर्मा, देशराज
_9156318
245 0 _aकौषीतकगृह्यसूत्र - समीक्षा
246 _aKauṣhītakagṛuhyasūtra - samīkṣhā
260 _aदिल्ली
_b ज्ञानभारती पब्लिकेशन्स
_c2009
300 _a261पृ0
_ccm.
650 _aधर्म
942 _hQ112:42:g, 152P9
_cTEXL
_2CC
999 _c299167
_d299167